Länder, die eine Diktatur als Staatsform haben - Statistiken

Allgemein
  • Dieses Quiz wurde 60 mal gespielt
  • Das Durchschnittsergebnis liegt bei 18 aus 32
Antwortstatistiken
Hint Antwort Demokratieindex % Korrekt
A Afghanistan 0,02
89%
N Nordkorea 0,07
87%
C China 0,13
79%
J Jemen 0,12
79%
E Eritrea 0,11
74%
V Venezuela 0,18
72%
S Sudan 0,10
68%
B Belarus 0,14
66%
S Somalia 0,11
66%
V Vereinigte Arabische Emirate 0,23
66%
S Saudi-Arabien 0,13
64%
S Südsudan 0,06
64%
T Turkmenistan 0,13
64%
H Haiti 0,16
62%
S Syrien 0,09
62%
K Katar 0,22
60%
K Kuba 0,20
57%
T Tadschikistan 0,14
57%
Ä Äquatorialguinea 0,17
55%
M Myanmar 0,06
55%
A Aserbaidschan 0,21
51%
B Bahrain 0,19
51%
L Libyen 0,16
51%
T Tschad 0,13
49%
M Mali 0,18
47%
L Laos 0,15
45%
N Nicaragua 0,14
43%
B Burkina Faso 0,20
40%
G Guinea 0,15
38%
K Kambodscha 0,23
36%
E Eswatini 0,21
34%
P Palästina 0,16
8%
Keine übereinstimmenden Quizze gefunden
Verteilung der Resultate
Anzahl Personen mit jedem Resultat
Perzentil nach korrekt beantworteten Fragen
Ihre Resultats-Entwicklung
Sie haben dieses Quiz noch nicht gespielt